Pass-phrase generátor

Na minha lista:
Detalhes bibliográficos
Autor principal: Blaškovič, Peter (Author)
Outros Autores: Jókay, Matúš (Thesis advisor)
Formato: Manuscrito Livro
Idioma:eslovaco
Publicado em: 2017
Assuntos:
Acesso em linha:http://is.stuba.sk/zp/portal_zp.pl?podrobnosti=127356
Tags: Adicionar Tag
Sem tags, seja o primeiro a adicionar uma tag!

MARC

LEADER 00000ntm a22000003a 4500
001 stuzp60687
003 SK-STU
005 20170627124600.4
007 ta
008 150427s2015----xo-----f-mn---000-0-slo-d
040 |a STU  |b slo 
041 0 |a slo 
044 |a xo 
100 1 |a Blaškovič, Peter  |u 035000  |4 aut  |U FEI Fakulta elektrotechniky a informatiky  |T FEI Ústav informatiky a matematiky  |X 54061  |U E050  |Y 816  |7 54061 
242 0 1 |a Pass-phrase generator  |y eng 
245 1 0 |a Pass-phrase generátor 
260 |c 2017 
300 |a 56 s., príl.,  |b CD-ROM 
650 4 |a PassPhrase  |2 slo 
650 4 |a knižnica  |2 slo 
650 4 |a dll  |2 slo 
650 4 |a heslo  |2 slo 
650 4 |a zložitosť hesiel  |2 slo 
650 4 |a ukladanie informácie do vety  |2 slo 
650 4 |a gramatický generátor  |2 slo 
650 4 |a generátor vety  |2 slo 
650 4 |a PassPhrase  |2 eng 
650 4 |a library  |2 eng 
650 4 |a dll  |2 eng 
650 4 |a password  |2 eng 
650 4 |a passwords complexity  |2 eng 
650 4 |a information storage into the sentence  |2 eng 
650 4 |a grammar generator  |2 eng 
650 4 |a sentence generator  |2 eng 
700 1 |a Jókay, Matúš  |u 035000  |k Z1  |4 ths  |U FEI Fakulta elektrotechniky a informatiky  |T FEI Ústav informatiky a matematiky  |X 10139  |U E050  |Y 816  |7 A000010139 
856 4 |u http://is.stuba.sk/zp/portal_zp.pl?podrobnosti=127356 
996 |b 284EP11645  |c E*DIPL- 11645  |l EE35  |s P  |a 0  |w stuzp60687_0001